[Event "IND-ch U15"]
[Site "New Delhi"]
[Date "2010.09.04"]
[Round "1"]
[White "Yash, Shah"]
[Black "Karma, Pandya"]
[Result "0-1"]
[WhiteElo "1625"]
[BlackElo "2178"]
[PlyCount "60"]
[EventDate "2010.09.04"]
[EventType "swiss"]
[EventRounds "11"]
[EventCountry "IND"]
[SourceTitle "CBM 138 Extra"]
[Source "ChessBase"]
[SourceDate "2010.10.29"]
[SourceVersion "1"]
[SourceVersionDate "2010.10.29"]
[SourceQuality "1"]

1. e4 c5 2. Nc3 Nc6 3. g3 g6 4. Bg2 Bg7 5. d3 d6 6. Be3 e5 7. Nge2 Nge7 8. Qd2 Nd4 9. h3 Be6 10. f4 Qd7 11. g4 f6 12. f5 Bf7 13. Bf2 h5 14. Nxd4 cxd4 15. Ne2 Bh6 16. Qd1 gxf5 17. gxf5 Qc6 18. c3 Nxf5 19. exf5 Qxg2 20. Rg1 Qc6 21. cxd4 Ke7 22. dxe5 dxe5 23. Nc3 Rhg8 24. Ne4 Rxg1+ 25. Bxg1 b6 26. Qe2 Rg8 27. Be3 Bxe3 28. Qxe3 Qc2 29. b3 Qh2 30. Qf2 Rg1+ 0-1